| 000 | 00798pam a2200241 a 4500 | ||
|---|---|---|---|
| 001 | 4379502 | ||
| 005 | 20240208061446.0 | ||
| 008 | 910827s1991 ctu b 000 0 eng | ||
| 020 | _a0931816610 (cases : alk. paper) | ||
| 020 | _a0931816629 (teaching notes : alk. paper) | ||
| 040 |
_aDLC _cDLC _dDLC |
||
| 082 | 0 | 0 |
_a307.72 _220 _bGEN. |
| 245 | 0 | 0 |
_aGender analysis in development planning : _ba case book / _ceditors, Aruna Rao, Mary B. Anderson, Catherine A. Overholt. |
| 250 | _a1st ed. | ||
| 260 |
_aWest Hartford, Conn., USA : _bKumarian Press, _c1991. |
||
| 300 | _aviii, 103 p. ; | ||
| 650 | 0 | _aWomen in rural development | |
| 650 | 0 | _aRural development projects | |
| 700 | 1 |
_aRao, Aruna. _eedt |
|
| 700 | 1 |
_aAnderson, Mary B., _eedt |
|
| 700 | 1 |
_aOverholt, Catherine, _eedt |
|
| 942 | _cL | ||
| 999 |
_c352 _d352 |
||